Song by Opening Lyric #2 - Statistics

General Stats
  • This quiz has been taken 58 times
    44 since last reset
  • The average score is 18 of 40
Answer Stats
Opening Lyric Song Artist % Correct
- You Give Love a Bad Name -
86%
- Y.M.C.A. -
75%
- Bon Jovi -
72%
- Coldplay -
72%
- Yellow -
72%
- American Pie -
69%
- Don McLean -
67%
- Help! -
61%
- The Beatles -
61%
- Shake it Off -
58%
- Gangsta's Paradise -
56%
- Sk8er Boi -
56%
- Taylor Swift -
56%
- Thriller -
56%
- Village People -
56%
- Avril Lavigne -
53%
- Total Eclipse of the Heart -
53%
- Coolio -
50%
- Michael Jackson -
50%
- Bob Dylan -
47%
- Blowin' in the Wind -
42%
- Friday I'm in Love -
42%
- The Cure -
39%
- Bonnie Tyler -
36%
- Elton John -
36%
- Tiny Dancer -
36%
- Buddy Holly -
33%
- Eagles -
33%
- Take It Easy -
33%
- Weezer -
33%
- Johnny Cash -
31%
- The Dock of the Bay -
28%
- Folsom Prison Blues -
22%
- Billy Joel -
17%
- Otis Reading -
14%
- Janis Joplin -
11%
- Madness -
11%
- Our House -
11%
- Scenes from an Italian Restaurant -
11%
- Me and Bobby McGee -
8%
No matching quizzes found
Score Distribution
Percent of People with Each Score
Percentile by Number Answered
Your Score History
You have not taken this quiz since the last reset